000 00701nam a2200289Ia 4500
005 20260324141744.0
008 008 260324s9999 xx 000 0 eng d
020 _a9780203005453
037 _aEBOOK
040 _aCRL
040 _beng
040 _cCRL
041 _2eng
041 _aeng
084 _qCRL
100 _aMichel Verdon
_91209396
245 0 _aKeynes and the 'Classics'
245 2 _bA Study in Language, Epistemology and Mistaken Identities
260 _bTaylor and Francis
260 _c1996
365 _a
365 _b255
856 _uhttp://www.taylorfrancis.com/books/9780203005453
942 _cEBOOK
999 _c1812812
_d1812812